Colección del cincuentenario (Registro nro. 158590)

Detalles MARC
000 -LEADER
fixed length control field 01950nam a2200361 4500
005 - DATE AND TIME OF LATEST TRANSACTION
control field 20251009094602.0
008 - FIXED-LENGTH DATA ELEMENTS--GENERAL INFORMATION
fixed length control field 211029b ve ||||| |||| 00| 0 spa d
020 ## - INTERNATIONAL STANDARD BOOK NUMBER
International Standard Book Number 980689014 (vol.1)
020 ## - INTERNATIONAL STANDARD BOOK NUMBER
International Standard Book Number 9806089022 (vol. 2)
020 ## - INTERNATIONAL STANDARD BOOK NUMBER
International Standard Book Number 9806089030 (vol. 3)
020 ## - INTERNATIONAL STANDARD BOOK NUMBER
International Standard Book Number 9806089103 (vol. 8)
020 ## - INTERNATIONAL STANDARD BOOK NUMBER
International Standard Book Number 9806089111 (vol. 9)
050 04 - LIBRARY OF CONGRESS CALL NUMBER
Classification number JL1498
Item number C64 1986
245 00 - TITLE STATEMENT
Title Colección del cincuentenario
250 ## - EDITION STATEMENT
Edition statement Primera edición.
260 ## - PUBLICATION, DISTRIBUTION, ETC. (IMPRINT)
Place of publication, distribution, etc Caracas, Venezuela :
Name of publisher, distributor, etc Consejo Supremo Electoral,
Date of publication, distribution, etc 1986.
300 ## - PHYSICAL DESCRIPTION
Extent v. ;
Dimensions 19 cm.
505 ## - FORMATTED CONTENTS NOTE
Formatted contents note Contenido :
Miscellaneous information V.1
Title Reformas electorales y partidos político
Statement of responsibility / presentación : Calos Delgado Chapellín, coordinador : Manuel Vicente Magallanes.
505 ## - FORMATTED CONTENTS NOTE
Formatted contents note Contenido :
Miscellaneous information V.2
Title Propaganda política partidos y sistema electoral
Statement of responsibility / Presentación Nerio Rauseo, coordinador, Manuel Vicente Magallanes.
505 ## - FORMATTED CONTENTS NOTE
Formatted contents note Contenido :
Miscellaneous information V.3
Title Sistema electorales acceso al sistema político y sistema de partidos
Statement of responsibility / Presentación: Eduardo Roche Lander, coordinador Manuel Vicente Magallanes
505 ## - FORMATTED CONTENTS NOTE
Formatted contents note Contenido :
Miscellaneous information V.8
Title Sistema Político Venezolano clubes franceses y tendencias electorales
Statement of responsibility / presentación, Amado Cornielles, dirección Manuel Vicente Magallanes
505 ## - FORMATTED CONTENTS NOTE
Formatted contents note Contenido :
Miscellaneous information V.9
Title Mandato político evolución electoral comunicación y sociedad
Statement of responsibility / presentación. Ezequiel Zamora, dirección. Manuel Vicente Magallanes
650 #7 - SUBJECT ADDED ENTRY--TOPICAL TERM
Source of heading or term lemb
Topical term or geographic name as entry element Partidos políticos
Geographic subdivision Caracas Venezuela
650 #7 - SUBJECT ADDED ENTRY--TOPICAL TERM
Source of heading or term lemb
Topical term or geographic name as entry element Sistema político
General subdivision Historia
Geographic subdivision Caracas Venezuela
700 1# - ADDED ENTRY--PERSONAL NAME
Personal name Delgado Chapellín, Calos,
Relator term presentación.
700 1# - ADDED ENTRY--PERSONAL NAME
Personal name Manuel Vicente Magallanes,
Relator term coordinador.
700 1# - ADDED ENTRY--PERSONAL NAME
Personal name Rauseo, Nerio
Relator term presentación.
700 1# - ADDED ENTRY--PERSONAL NAME
Personal name Magallanes, Manuel Vicente,
Relator term coordinador.
700 1# - ADDED ENTRY--PERSONAL NAME
Personal name Roche Lander, Eduardo,
Relator term presentación.
700 1# - ADDED ENTRY--PERSONAL NAME
Personal name Magallanes, Manuel Vicente.
Relator term coordinador.
700 1# - ADDED ENTRY--PERSONAL NAME
Personal name Cornielles, Amado,
Relator term presentación.
942 ## - ADDED ENTRY ELEMENTS (KOHA)
Source of classification or shelving scheme Biblioteca del Cogreso de los Estados Unidos
Koha item type Libro
Existencias
Estado de pérdida Fuente de clasificación Estado del daño No para préstamo Ubicación permanente Ubicación actual Apartado o colección Fecha de adquisición Fuente de adquisición Edición Enumeración de Serie / Cronológica Dependencia de educación superior (DES) Área del conocimiento Clasificación Código de Barras Date last seen Número de copia Costo por reposición Tipo de recurso Total Checkouts
  Biblioteca del Cogreso de los Estados Unidos     Biblioteca del Instituto de Investigaciones Históricas Biblioteca del Instituto de Investigaciones Históricas General 29/10/2021 Donación 1a ed. V.1 Humanidades Educación y Humanidades JL1498 C64 1986 IIH000030432 29/10/2021 1 1.00 Libro  
  Biblioteca del Cogreso de los Estados Unidos     Biblioteca del Instituto de Investigaciones Históricas Biblioteca del Instituto de Investigaciones Históricas General 09/10/2025 Donación 1a ed. V.2 Humanidades Ciencias Sociales y Administrativas JL1498 C64 1987 IIH000028034 09/10/2025 1 1.00 Libro  
  Biblioteca del Cogreso de los Estados Unidos     Biblioteca del Instituto de Investigaciones Históricas Biblioteca del Instituto de Investigaciones Históricas General 09/10/2025 Donación 1a ed. V.3 Humanidades Ciencias Sociales y Administrativas JL1498 C64 1987 IIH000020691 09/10/2025 1 1.00 Libro  
  Biblioteca del Cogreso de los Estados Unidos     Biblioteca del Instituto de Investigaciones Históricas Biblioteca del Instituto de Investigaciones Históricas General 09/10/2025 Donación 1a ed. V.8 Humanidades Ciencias Sociales y Administrativas JL1498 C64 1989 IIH000021530 09/10/2025 1 1.00 Libro  
  Biblioteca del Cogreso de los Estados Unidos     Biblioteca del Instituto de Investigaciones Históricas Biblioteca del Instituto de Investigaciones Históricas General 09/10/2025 Donación 1a ed. V.9 Humanidades Ciencias Sociales y Administrativas JL1498 C64 1990 IIH000018729 09/10/2025 1 1.00 Libro